[Event "20th EUR-ch"]
[Site "Skopje MKD"]
[Date "2019.03.19"]
[Round "2"]
[White "Badelka, Olga"]
[Black "Tomashevskaya, Lidia"]
[Result "1-0"]
[WhiteElo "2384"]
[BlackElo "2112"]
[EventDate "2019.03.18"]
[Board "145"]
[PlyCount "69"]

1.Nf3 Nf6 2.c4 e6 3.b3 d5 4.Bb2 Be7 5.e3 O-O 6.Be2 c5 7.cxd5 Nxd5 8.O-O 
Nc6 9.Na3 Ndb4 10.Qb1 Bf6 11.Nc4 b6 12.Rd1 Ba6 13.a3 Nd5 14.Bd3 Bxb2 15.
Qxb2 b5 16.Nce5 Nxe5 17.Qxe5 Nf6 18.Be2 c4 19.a4 cxb3 20.axb5 Bb7 21.Nd4 
Bd5 22.Rab1 Nd7 23.Qd6 Qg5 24.f3 Rfd8 25.Qb4 Ne5 26.Rf1 Qg6 27.Rbd1 a5 28.
bxa6 Rdb8 29.Qc3 b2 30.Rb1 Rc8 31.Qxb2 Bc4 32.a7 Bxe2 33.Nxe2 Nc4 34.Qb7 
h5 35.Qxa8 1-0

[Event "20th EUR-ch"]
[Site "Skopje MKD"]
[Date "2019.03.19"]
[Round "2"]
[White "Plenkovic, Zdenko"]
[Black "Trajkovski, Mile"]
[Result "1/2-1/2"]
[WhiteElo "2383"]
[BlackElo "2105"]
[EventDate "2019.03.18"]
[Board "146"]
[PlyCount "102"]

1.g3 g6 2.Bg2 Nf6 3.Nf3 d5 4.O-O Bg7 5.d4 O-O 6.b3 c5 7.Bb2 Ne4 8.Qc1 cxd4
9.Bxd4 Nc6 10.Bxg7 Kxg7 11.Qb2+ f6 12.Na3 Be6 13.Nb5 Qb6 14.Nbd4 Bf7 15.
Rad1 Rac8 16.Nxc6 Qxc6 17.c4 dxc4 18.Nd4 Qd5 19.Qb1 f5 20.Nxf5+ Qxf5 21.
Bxe4 Qf6 22.bxc4 Bxc4 23.Bf3 Rc7 24.Rd2 Be6 25.h4 Bh3 26.Re1 Bg4 27.Qe4 
Qc3 28.Red1 Bxf3 29.exf3 Rxf3 30.Rd7 Rf7 31.Rxc7 Qxc7 32.Qd4+ e5 33.Qxa7 
Qc2 34.Re1 Qb2 35.Qe3 Rf5 36.Rd1 Qxa2 37.Rd7+ Rf7 38.Qxe5+ Kh6 39.Qe3+ Kg7
40.Qd4+ Kh6 41.Qe3+ Kg7 42.Qd4+ Kh6 43.g4 Rxd7 44.Qxd7 Qb1+ 45.Kh2 Qe4 46.
Kg3 Qe5+ 47.Kh3 Qc3+ 48.Kh2 Qe5+ 49.Kh3 Qc3+ 50.Kh2 Qe5+ 51.Kg2 Qe4+ 
1/2-1/2

[Event "20th EUR-ch"]
[Site "Skopje MKD"]
[Date "2019.03.19"]
[Round "2"]
[White "Lewtak, Damian"]
[Black "Janjic, Stefan"]
[Result "1-0"]
[WhiteElo "2379"]
[BlackElo "2086"]
[EventDate "2019.03.18"]
[Board "147"]
[PlyCount "75"]

1.b3 d5 2.Bb2 Nf6 3.f4 g6 4.Nf3 Bg7 5.g3 O-O 6.Bg2 c5 7.e3 Nc6 8.Ne5 Nxe5 
9.Bxe5 Bf5 10.O-O Qd7 11.Re1 Be4 12.Bf1 Qg4 13.Qxg4 Nxg4 14.Bxg7 Kxg7 15.
h3 Nf6 16.g4 Bxc2 17.Na3 Be4 18.d3 Bf3 19.Kf2 Bxg4 20.hxg4 Nxg4+ 21.Kf3 h5
22.Rac1 b6 23.d4 Nh2+ 24.Kg3 Nxf1+ 25.Rxf1 Rac8 26.dxc5 Rxc5 27.Rxc5 bxc5 
28.Rc1 Rc8 29.Nb5 a6 30.Nc3 e6 31.Na4 c4 32.Rc2 Kf6 33.Nb6 Rc6 34.Nd7+ Kf5
35.Ne5 Rc5 36.Kf3 cxb3 37.Rxc5 b2 38.Rc7 1-0

[Event "20th EUR-ch"]
[Site "Skopje MKD"]
[Date "2019.03.19"]
[Round "2"]
[White "Gebigke, Martin"]
[Black "Ayats Llobera, Gerard"]
[Result "0-1"]
[WhiteElo "2078"]
[BlackElo "2377"]
[EventDate "2019.03.18"]
[Board "148"]
[PlyCount "46"]

1.d4 d5 2.c4 Nc6 3.cxd5 Qxd5 4.e3 e5 5.Nc3 Bb4 6.Bd2 Bxc3 7.bxc3 Qd6 8.Ne2
f5 9.Ng3 Nf6 10.Bd3 e4 11.Bc2 O-O 12.O-O Be6 13.f3 exf3 14.Qxf3 g6 15.e4 
fxe4 16.Nxe4 Nxe4 17.Qxe4 Rxf1+ 18.Kxf1 Bd5 19.Qh4 Re8 20.Kg1 Re2 21.Bf4 
Qe6 22.Bd1 Rxg2+ 23.Kf1 Qe4 0-1

[Event "20th EUR-ch"]
[Site "Skopje MKD"]
[Date "2019.03.19"]
[Round "2"]
[White "Peycheva, Gergana"]
[Black "Zlatanovic, Boroljub"]
[Result "1/2-1/2"]
[WhiteElo "2065"]
[BlackElo "2376"]
[EventDate "2019.03.18"]
[Board "149"]
[PlyCount "88"]

1.d4 g6 2.c4 Bg7 3.e4 d6 4.Nc3 e5 5.Nf3 Bg4 6.d5 Nd7 7.Be2 Bxf3 8.Bxf3 h5 
9.Rb1 Bh6 10.Bxh6 Nxh6 11.b4 O-O 12.Qd2 Kg7 13.h4 a5 14.a3 axb4 15.axb4 f5
16.exf5 Nxf5 17.Ne4 Nd4 18.Ng5 Qf6 19.Be4 Nb6 20.O-O Nxc4 21.Qd3 b5 22.f4 
Ra3 23.fxe5 Qxf1+ 24.Qxf1 Rxf1+ 25.Rxf1 Nxe5 26.Ne6+ Nxe6 27.dxe6 c6 28.
Rf7+ Nxf7 29.e7 Ra8 30.Bxc6 Kf6 31.Bxa8 Kxe7 32.Bc6 g5 33.hxg5 Nxg5 34.
Bxb5 h4 35.Bd3 d5 36.Kf2 d4 37.Ke2 Kd6 38.b5 Kc5 39.Kf2 Kd5 40.Ke2 Nf7 41.
Kf2 Ne5 42.Be2 Kc5 43.g3 h3 44.g4 Nxg4+ 1/2-1/2

[Event "20th EUR-ch"]
[Site "Skopje MKD"]
[Date "2019.03.19"]
[Round "2"]
[White "Shubin, Kirill"]
[Black "Konstantinov, Aleksandar"]
[Result "1-0"]
[WhiteElo "2370"]
[BlackElo "2079"]
[EventDate "2019.03.18"]
[Board "150"]
[PlyCount "54"]

1.e4 e6 2.d4 d5 3.Nc3 Nf6 4.Bg5 Be7 5.e5 Nfd7 6.Bxe7 Qxe7 7.Qd2 O-O 8.f4 
c5 9.Nf3 Nc6 10.dxc5 f6 11.exf6 Qxf6 12.g3 Nxc5 13.O-O-O a6 14.Qe3 b6 15.
Bg2 Bd7 16.Rhe1 Rac8 17.Nd4 Nxd4 18.Qxd4 Qg6 19.Rd2 b5 20.Bf1 Rc7 21.Qe5 
Rfc8 22.f5 Qh6 23.fxe6 Bxe6 24.Nxd5 Rd7 25.Re3 Bxd5 26.Rxd5 Qxe3+ 27.Qxe3 
Rxd5 1-0

[Event "20th EUR-ch"]
[Site "Skopje MKD"]
[Date "2019.03.19"]
[Round "2"]
[White "Garayev, Kanan"]
[Black "Angun, Batu"]
[Result "1/2-1/2"]
[WhiteElo "2368"]
[BlackElo "2076"]
[EventDate "2019.03.18"]
[Board "151"]
[PlyCount "38"]

1.d4 Nf6 2.c4 g6 3.Nc3 d5 4.cxd5 Nxd5 5.e4 Nxc3 6.bxc3 Bg7 7.Bg5 c5 8.Rc1 
cxd4 9.cxd4 O-O 10.Nf3 Bg4 11.d5 Nd7 12.Be2 h6 13.Be3 Nf6 14.h3 Bc8 15.Nd2
Qb6 16.Bc4 Re8 17.f4 e6 18.d6 Qxd6 19.O-O Qb4 1/2-1/2

[Event "20th EUR-ch"]
[Site "Skopje MKD"]
[Date "2019.03.19"]
[Round "2"]
[White "Manea, Alexandru"]
[Black "Veljanoski, Andrej"]
[Result "1-0"]
[WhiteElo "2357"]
[BlackElo "2063"]
[EventDate "2019.03.18"]
[Board "153"]
[PlyCount "43"]

1.Nf3 Nf6 2.c4 e6 3.Nc3 b6 4.g3 Bb7 5.Bg2 Be7 6.O-O O-O 7.Re1 d6 8.b3 Nbd7
9.Bb2 c5 10.d4 d5 11.cxd5 Nxd5 12.Nxd5 Bxd5 13.e4 Bb7 14.Qe2 cxd4 15.Nxd4 
Rc8 16.Red1 Bc5 17.Nb5 a6 18.Nd6 Bxd6 19.Rxd6 Qc7 20.Rad1 Nc5 21.Qg4 g6 
22.Bf6 1-0

[Event "20th EUR-ch"]
[Site "Skopje MKD"]
[Date "2019.03.19"]
[Round "2"]
[White "Bejatovic, Bojana"]
[Black "Mihajlov, Sebastian"]
[Result "0-1"]
[WhiteElo "2058"]
[BlackElo "2356"]
[EventDate "2019.03.18"]
[Board "154"]
[PlyCount "92"]

1.e4 e5 2.Bc4 Nf6 3.d3 Nc6 4.Nc3 Bc5 5.f4 d6 6.Nf3 a6 7.a4 Ng4 8.Qe2 Nd4 
9.Nxd4 Bxd4 10.Nd1 c6 11.c3 Ba7 12.Ne3 h5 13.f5 Nf6 14.Nc2 d5 15.exd5 cxd5
16.Bb3 O-O 17.Bg5 Qb6 18.Bxf6 Qxf6 19.Bxd5 Bxf5 20.Rf1 Qg5 21.Qd2 Qg6 22.
O-O-O Rad8 23.Bc4 Bd7 24.a5 Bc6 25.Ne3 Kh8 26.g3 f5 27.Ng2 f4 28.Nh4 Qg4 
29.Qe1 Be3+ 30.Kb1 Rf6 31.gxf4 exf4 32.d4 g5 33.d5 Bb5 34.Bxb5 axb5 35.Nf3
Qf5+ 36.Ka1 b6 37.c4 Ra8 38.b4 bxa5 39.bxa5 Rfa6 40.Qc3+ Kh7 41.Kb2 bxc4 
42.Qb4 Qf6+ 43.Kc2 Rxa5 44.Rb1 Qf5+ 45.Kd1 Rxd5+ 46.Ke1 Re8 0-1

[Event "20th EUR-ch"]
[Site "Skopje MKD"]
[Date "2019.03.19"]
[Round "2"]
[White "Baenziger, Fabian"]
[Black "Trisha, Kanyamarala"]
[Result "1-0"]
[WhiteElo "2351"]
[BlackElo "2061"]
[EventDate "2019.03.18"]
[Board "155"]
[PlyCount "67"]

1.Nf3 d5 2.g3 c6 3.Bg2 Bg4 4.O-O Nd7 5.d3 e6 6.e4 Bd6 7.Qe1 Ne7 8.b3 O-O 
9.Bb2 Bxf3 10.Bxf3 Qc7 11.Bg2 e5 12.Qe2 d4 13.Nd2 b5 14.a4 a6 15.Bh3 Nc5 
16.Bc1 Rab8 17.Kg2 Nc8 18.Nf3 Nb6 19.Ng5 h6 20.Nf3 bxa4 21.bxa4 Be7 22.Ng1
Nbxa4 23.Qg4 Kh7 24.Qh5 g5 25.f4 gxf4 26.gxf4 Rg8+ 27.Kh1 Rg6 28.fxe5 Bf8 
29.Bf5 Nc3 30.Nf3 Bg7 31.Nh4 Qxe5 32.Nxg6 fxg6 33.Qxg6+ Kg8 34.Bxh6 1-0

[Event "20th EUR-ch"]
[Site "Skopje MKD"]
[Date "2019.03.19"]
[Round "2"]
[White "Krstulovic, Alex"]
[Black "Krstev, Emil"]
[Result "1-0"]
[WhiteElo "2351"]
[BlackElo "2050"]
[EventDate "2019.03.18"]
[Board "156"]
[PlyCount "90"]

1.d4 Nf6 2.c4 g6 3.Nc3 Bg7 4.e4 d6 5.Nf3 O-O 6.Be2 e5 7.O-O exd4 8.Nxd4 a6
9.Bg5 Qe8 10.f3 Qe5 11.Be3 Nc6 12.Nxc6 bxc6 13.c5 Rb8 14.Qd2 dxc5 15.Rfd1 
Re8 16.Bf2 Nh5 17.g3 Nf6 18.Na4 Nd7 19.Rac1 Bf8 20.b3 Bd6 21.Re1 g5 22.Nb2
Be7 23.Nd3 Qd6 24.f4 gxf4 25.Qxf4 Qxf4 26.gxf4 Kh8 27.e5 Rg8+ 28.Kh1 Nf8 
29.Bf3 Ne6 30.Rc4 a5 31.Nxc5 Bxc5 32.Bxc5 a4 33.Be7 axb3 34.Bf6+ Ng7 35.
axb3 Rxb3 36.Bxc6 Bb7 37.Bxb7 Rxb7 38.Rg1 h6 39.f5 h5 40.Rc3 Rb4 41.Rcg3 
Rg4 42.Rxg4 hxg4 43.Rxg4 Rc8 44.Bxg7+ Kg8 45.Bf6+ Kf8 1-0

[Event "20th EUR-ch"]
[Site "Skopje MKD"]
[Date "2019.03.19"]
[Round "2"]
[White "Birkholz, Olga"]
[Black "Pogosyan, Stefan"]
[Result "0-1"]
[WhiteElo "2037"]
[BlackElo "2347"]
[EventDate "2019.03.18"]
[Board "157"]
[PlyCount "58"]

1.e4 c5 2.Nf3 Nc6 3.b3 d6 4.Bb2 Nf6 5.Qe2 e5 6.g3 g6 7.Bg2 Bg7 8.Na3 O-O 
9.O-O a6 10.c4 Rb8 11.d3 b5 12.Nc2 bxc4 13.dxc4 Nd4 14.Qd3 a5 15.Nd2 a4 
16.Rfb1 Bh6 17.Bc3 Be6 18.bxa4 Qd7 19.Rb5 Ra8 20.Bxd4 cxd4 21.f4 Rxa4 22.
fxe5 Bxc4 23.Nxc4 Qxb5 24.N2a3 Rxa3 25.Qxa3 dxe5 26.Qb3 Qc5 27.Bf3 Rc8 28.
Nb2 d3+ 29.Kh1 Qf2 0-1

[Event "20th EUR-ch"]
[Site "Skopje MKD"]
[Date "2019.03.19"]
[Round "2"]
[White "Tadic, Katarina"]
[Black "Oboladze, Luka"]
[Result "0-1"]
[WhiteElo "2031"]
[BlackElo "2340"]
[EventDate "2019.03.18"]
[Board "158"]
[PlyCount "58"]

1.Nf3 g6 2.g3 Bg7 3.d4 Nf6 4.Bg2 O-O 5.O-O d5 6.c4 Nc6 7.Ne5 dxc4 8.Nxc6 
bxc6 9.Na3 Be6 10.Bxc6 Rb8 11.e4 Rb6 12.d5 Nxe4 13.dxe6 Qxd1 14.exf7+ Rxf7
15.Rxd1 Rxc6 16.Rd8+ Rf8 17.Rxf8+ Kxf8 18.f3 c3 19.bxc3 Nxc3 20.Kg2 Ne2 
21.Rb1 Rxc1 22.Rb8+ Kf7 23.Rb7 Ra1 24.Rxc7 Rxa2 25.Nc4 Nd4+ 26.Kh3 Nxf3 
27.Nd6+ Ke6 28.Nc8 Bf6 29.Nxa7 h5 0-1

[Event "20th EUR-ch"]
[Site "Skopje MKD"]
[Date "2019.03.19"]
[Round "2"]
[White "Paszewski, Mateusz"]
[Black "Kacakovski, Dimitar"]
[Result "1-0"]
[WhiteElo "2340"]
[BlackElo "2043"]
[EventDate "2019.03.18"]
[Board "159"]
[PlyCount "107"]

1.c4 e6 2.Nc3 d5 3.d4 c5 4.cxd5 exd5 5.Nf3 Nc6 6.g3 Nf6 7.Bg2 c4 8.O-O Bb4
9.Bg5 Be6 10.Ne5 O-O 11.e3 h6 12.Bxf6 Qxf6 13.Nxd5 Bxd5 14.Bxd5 Nxe5 15.
dxe5 Qxe5 16.Bxc4 Qxb2 17.Qf3 Rac8 18.Rab1 Qa3 19.Bd5 b6 20.Rfd1 Be7 21.
Bb3 Rcd8 22.Rxd8 Bxd8 23.Rd1 Qe7 24.Qc6 Qc7 25.Qxc7 Bxc7 26.Rd7 Bb8 27.Rb7
g5 28.Bxf7+ Rxf7 29.Rxb8+ Kg7 30.h3 h5 31.Rd8 Rb7 32.Kg2 b5 33.Rd6 a5 34.
Ra6 a4 35.g4 hxg4 36.hxg4 Rc7 37.Rb6 Rc5 38.f4 gxf4 39.exf4 Rc4 40.Kg3 b4 
41.g5 b3 42.axb3 Rc3+ 43.Kg4 Rxb3 44.Ra6 Rb4 45.Kg3 Rb3+ 46.Kh4 Rb4 47.Kg4
Rc4 48.Kf5 Rc5+ 49.Ke4 Rc4+ 50.Ke5 Rc5+ 51.Kd4 Rf5 52.Ke4 Rf8 53.f5 Rf7 
54.Kf4 1-0

[Event "20th EUR-ch"]
[Site "Skopje MKD"]
[Date "2019.03.19"]
[Round "2"]
[White "Murzin, Volodar"]
[Black "Dwilewicz, Katarzyna"]
[Result "1-0"]
[WhiteElo "2337"]
[BlackElo "2040"]
[EventDate "2019.03.18"]
[Board "160"]
[PlyCount "55"]

1.e4 e5 2.Nf3 Nc6 3.Bb5 a6 4.Ba4 Nf6 5.O-O Be7 6.d3 b5 7.Bb3 d6 8.c3 O-O 
9.h3 Na5 10.Bc2 c5 11.Re1 Qc7 12.Nbd2 Nc6 13.Nf1 Re8 14.a4 Bd7 15.Bg5 h6 
16.Bxf6 Bxf6 17.Ne3 Be6 18.Bb3 g6 19.Nd5 Bxd5 20.Bxd5 Rab8 21.Nh2 Bg7 22.
axb5 axb5 23.Qf3 Rf8 24.Ng4 Ne7 25.Ne3 Nxd5 26.Nxd5 Qb7 27.Ra5 Ra8 28.Rea1
1-0

[Event "20th EUR-ch"]
[Site "Skopje MKD"]
[Date "2019.03.19"]
[Round "2"]
[White "Tarun, Kanyamarala"]
[Black "Klabis, Rokas"]
[Result "0-1"]
[WhiteElo "2027"]
[BlackElo "2333"]
[EventDate "2019.03.18"]
[Board "161"]
[PlyCount "86"]

1.d4 d6 2.Nf3 Nf6 3.c4 Nbd7 4.Nc3 e5 5.g3 c6 6.Bg2 e4 7.Ng5 d5 8.cxd5 cxd5
9.Qb3 h6 10.Nh3 Nb6 11.Bf4 Bd7 12.Be5 Bc6 13.Bxf6 Qxf6 14.e3 g5 15.O-O Qe7
16.f3 exf3 17.Bxf3 Qxe3+ 18.Kg2 O-O-O 19.Rad1 Qe6 20.Bh5 f5 21.Rde1 Qf6 
22.Nb5 Bxb5 23.Qxb5 Qxd4 24.Rxf5 Bb4 25.Re6 Rhf8 26.Bf7 Qg4 27.Ref6 Qe4+ 
28.Kf1 Be7 29.Be6+ Kb8 30.Rxf8 Bxf8 31.Qe2 Qxe2+ 32.Kxe2 Bg7 33.Kd3 Bxb2 
34.Nf2 Bg7 35.Ng4 Rd6 36.Bg8 Kc7 37.Ne3 Kc6 38.Bf7 Kc5 39.Rf1 Nc4 40.Rc1 
b5 41.Nf5 Bb2 42.Nxd6 Bxc1 43.Nf5 Ne5+ 0-1

[Event "20th EUR-ch"]
[Site "Skopje MKD"]
[Date "2019.03.19"]
[Round "2"]
[White "Lazov, Toni"]
[Black "Andolfatto, Maria"]
[Result "1-0"]
[WhiteElo "2332"]
[BlackElo "2033"]
[EventDate "2019.03.18"]
[Board "162"]
[PlyCount "67"]

1.d4 d5 2.c4 e6 3.Nc3 Nf6 4.Nf3 Bb4 5.Qa4+ Nc6 6.e3 O-O 7.Bd2 a6 8.a3 Be7 
9.Qc2 h6 10.g4 e5 11.dxe5 Nxg4 12.Nxd5 Ngxe5 13.Nxe5 Nxe5 14.Be2 Bh4 15.
O-O-O c6 16.Bc3 cxd5 17.Bxe5 Bxf2 18.Rxd5 Bxe3+ 19.Kb1 Qg5 20.h4 Qg6 21.
Bd3 Qc6 22.Bh7+ Kh8 23.Be4 f5 24.Rd8 Rxd8 25.Bxc6 bxc6 26.Qc3 Bd2 27.Qg3 
Ra7 28.Rg1 Rdd7 29.Qg6 Re7 30.Bxg7+ Rxg7 31.Qe8+ Kh7 32.Rxg7+ Rxg7 33.Qxc8
a5 34.Qxf5+ 1-0

[Event "20th EUR-ch"]
[Site "Skopje MKD"]
[Date "2019.03.19"]
[Round "2"]
[White "Velkovski, Kristijan"]
[Black "Radovanovic, Dusan"]
[Result "1-0"]
[WhiteElo "2003"]
[BlackElo "2331"]
[EventDate "2019.03.18"]
[Board "163"]
[PlyCount "77"]

1.e4 c5 2.Nf3 e6 3.c3 Nf6 4.Qc2 d5 5.e5 Nfd7 6.d4 Nc6 7.Be2 Be7 8.O-O O-O 
9.Be3 cxd4 10.cxd4 Nb6 11.a3 Bd7 12.Bd3 g6 13.Nc3 Rc8 14.Qe2 f6 15.exf6 
Bxf6 16.Bh6 Rf7 17.Nb5 Be7 18.Qe3 a6 19.Nc3 Bf6 20.Ne2 Qe8 21.Ne5 Nxe5 22.
dxe5 Bd8 23.Nf4 Bb5 24.Nxg6 Bxd3 25.Qxd3 Rf5 26.Nf4 Kh8 27.Qg3 Rc7 28.Rac1
Rcf7 29.Rfd1 a5 30.b3 a4 31.bxa4 Nc4 32.Rxc4 dxc4 33.Nxe6 Rd7 34.Rxd7 Qxd7
35.Bg7+ Kg8 36.Bf6+ Kf7 37.Nxd8+ Kf8 38.h3 c3 39.Qxc3 1-0

[Event "20th EUR-ch"]
[Site "Skopje MKD"]
[Date "2019.03.19"]
[Round "2"]
[White "Injac, Teodora"]
[Black "Hadzi-Manev, Ljubomir"]
[Result "1-0"]
[WhiteElo "2329"]
[BlackElo "2030"]
[EventDate "2019.03.18"]
[Board "164"]
[PlyCount "57"]

1.d4 d5 2.c4 e6 3.Nf3 c5 4.cxd5 exd5 5.g3 Nc6 6.Bg2 Nf6 7.O-O Be7 8.dxc5 
Bxc5 9.a3 O-O 10.b4 Bb6 11.Nc3 h6 12.Bb2 Bf5 13.Rc1 Qd7 14.Na4 Ne4 15.Nxb6
axb6 16.Nd4 f6 17.Nxf5 Qxf5 18.Qd3 Rfd8 19.Qb5 Ne5 20.Rc7 Kh8 21.Bxe5 Qxe5
22.Qxb6 Rxa3 23.Qxb7 f5 24.Re7 Qd4 25.e3 Qb2 26.Rd7 Rxd7 27.Qxd7 Ra2 28.
Qc8+ Kh7 29.Qxf5+ 1-0

[Event "20th EUR-ch"]
[Site "Skopje MKD"]
[Date "2019.03.19"]
[Round "2"]
[White "Pastar, Slaven"]
[Black "Vetokhin, Savva"]
[Result "1-0"]
[WhiteElo "2324"]
[BlackElo "2022"]
[EventDate "2019.03.18"]
[Board "165"]
[PlyCount "75"]

1.d4 Nf6 2.c4 g6 3.Nc3 Bg7 4.e4 d6 5.Bd3 O-O 6.Nge2 Nc6 7.O-O Nh5 8.Bc2 e5
9.d5 Ne7 10.a4 f5 11.exf5 gxf5 12.Ng3 Nf4 13.Nh5 Nxh5 14.Qxh5 Ng6 15.Bg5 
Bf6 16.Bh6 Bg7 17.a5 Bxh6 18.Qxh6 Nf4 19.g3 Ng6 20.f4 e4 21.Rae1 Qf6 22.h4
Qd4+ 23.Kg2 Bd7 24.h5 Nh8 25.Qg5+ Kf7 26.h6 Ng6 27.Bxe4 fxe4 28.f5 Bxf5 
29.Rxe4 Qd3 30.Re3 Qd2+ 31.Rf2 Qd4 32.Qxf5+ Kg8 33.Qe6+ Kh8 34.Rxf8+ Rxf8 
35.Qe4 Qd2+ 36.Ne2 Ne5 37.Qd4 Qe1 38.Nf4 1-0

[Event "20th EUR-ch"]
[Site "Skopje MKD"]
[Date "2019.03.19"]
[Round "2"]
[White "Kocyigit, Buse Naz"]
[Black "Tsvetkov, Andrey"]
[Result "0-1"]
[WhiteElo "1973"]
[BlackElo "2322"]
[EventDate "2019.03.18"]
[Board "166"]
[PlyCount "43"]

1.e4 c5 2.Nf3 d6 3.d4 cxd4 4.Nxd4 Nf6 5.Nc3 a6 6.h3 e5 7.Nde2 b5 8.Ng3 
Nbd7 9.Bg5 h6 10.Be3 Bb7 11.a3 Rc8 12.Bd3 Nb6 13.O-O Nc4 14.Bxc4 Rxc4 15.
f4 Be7 16.fxe5 dxe5 17.Qxd8+ Kxd8 18.Bb6+ Ke8 19.Nf5 g6 20.Ne3 Rc6 21.Ned5
Nxd5 22.Nxd5 {38....0-1.} 0-1

[Event "20th EUR-ch"]
[Site "Skopje MKD"]
[Date "2019.03.19"]
[Round "2"]
[White "Dedebas, Emre Emin"]
[Black "Bytyqi, Gzim"]
[Result "1-0"]
[WhiteElo "2319"]
[BlackElo "1994"]
[EventDate "2019.03.18"]
[Board "167"]
[PlyCount "55"]

1.Nf3 Nf6 2.c4 g6 3.Nc3 Bg7 4.e4 O-O 5.d4 d6 6.h3 b6 7.Bd3 Bb7 8.O-O Nbd7 
9.Re1 e5 10.Bg5 exd4 11.Nxd4 c6 12.Qd2 Re8 13.Rad1 Qc7 14.Bc2 Rad8 15.Qf4 
Ba6 16.Ba4 Bb7 17.Nf3 Re6 18.Qh4 Rde8 19.Bc2 a6 20.Bb3 c5 21.Bc2 Bc6 22.
Nd5 Bxd5 23.cxd5 R6e7 24.e5 Rxe5 25.Nxe5 Rxe5 26.Rxe5 dxe5 27.d6 Qc6 28.
Bb3 1-0

[Event "20th EUR-ch"]
[Site "Skopje MKD"]
[Date "2019.03.19"]
[Round "2"]
[White "Yordanov, Lachezar"]
[Black "Gerguri, Arsim"]
[Result "1-0"]
[WhiteElo "2308"]
[BlackElo "1956"]
[EventDate "2019.03.18"]
[Board "168"]
[PlyCount "75"]

1.c4 e5 2.e3 Nf6 3.Nc3 Nc6 4.Nf3 Be7 5.d4 exd4 6.Nxd4 O-O 7.Be2 d5 8.cxd5 
Nxd5 9.Nxd5 Qxd5 10.Bf3 Qa5+ 11.Bd2 Qb6 12.Nxc6 bxc6 13.Bc3 Ba6 14.Qa4 Bb5
15.Qg4 f6 16.Qe6+ Rf7 17.a4 Ba6 18.a5 Qb5 19.Qxc6 Rd8 20.Qxb5 Bxb5 21.Be2 
Bxe2 22.Kxe2 Bf8 23.a6 Rfd7 24.Ra5 Rd5 25.Rha1 Kf7 26.R5a4 Bc5 27.Rc1 Bb6 
28.Rc2 R8d7 29.Rh4 h6 30.Rc4 Ke6 31.g4 h5 32.h3 hxg4 33.hxg4 Ke7 34.Bb4+ 
Kf7 35.Bc5 Ke6 36.b4 Kf7 37.Bxb6 axb6 38.Rxc7 1-0

[Event "20th EUR-ch"]
[Site "Skopje MKD"]
[Date "2019.03.19"]
[Round "2"]
[White "Karaoglan, Kivanc"]
[Black "Tate, Alan"]
[Result "1/2-1/2"]
[WhiteElo "1943"]
[BlackElo "2306"]
[EventDate "2019.03.18"]
[Board "169"]
[PlyCount "63"]

1.d4 Nf6 2.Nf3 e6 3.c4 d5 4.Nc3 Be7 5.Bg5 O-O 6.e3 Nbd7 7.cxd5 exd5 8.Qc2 
Re8 9.Bd3 c6 10.O-O Nf8 11.h3 Ne4 12.Bxe7 Qxe7 13.Bxe4 dxe4 14.Nd2 Bf5 15.
f4 h5 16.Na4 Nd7 17.Rac1 Nf6 18.a3 Nd5 19.Rce1 Qh4 20.Nb3 Re6 21.Qf2 Qe7 
22.Rc1 Rg6 23.Kh1 h4 24.Nc3 Nb6 25.Rfd1 Rd8 26.Rc2 Rgd6 27.Nc5 Na8 28.b4 
b6 29.Nb3 Nc7 30.Rdc1 Rh6 31.Nd2 Qe6 32.Ne2 1/2-1/2

[Event "20th EUR-ch"]
[Site "Skopje MKD"]
[Date "2019.03.19"]
[Round "2"]
[White "Milosevic, Milos"]
[Black "Bajrami, Zejno"]
[Result "1-0"]
[WhiteElo "2299"]
[BlackElo "1938"]
[EventDate "2019.03.18"]
[Board "170"]
[PlyCount "49"]

1.e4 e5 2.Nf3 Nc6 3.Nc3 a6 4.d4 exd4 5.Nxd4 Qf6 6.Be3 Bb4 7.Qd2 Nge7 8.f4 
d6 9.Nxc6 Nxc6 10.Bd3 Bd7 11.O-O h6 12.Nd5 Bxd2 13.Nxf6+ gxf6 14.Bxd2 h5 
15.Bc3 Rh6 16.b4 Ke7 17.a4 Nd8 18.Bd2 Rh8 19.c4 b6 20.a5 b5 21.cxb5 axb5 
22.Rfc1 c6 23.Be3 Ne6 24.a6 Nc7 25.a7 1-0

[Event "20th EUR-ch"]
[Site "Skopje MKD"]
[Date "2019.03.19"]
[Round "2"]
[White "Markovski, Velo"]
[Black "Petkov, Momchil"]
[Result "0-1"]
[WhiteElo "1935"]
[BlackElo "2296"]
[EventDate "2019.03.18"]
[Board "171"]
[PlyCount "42"]

1.e4 c5 2.Nf3 Nc6 3.Nc3 g6 4.d4 cxd4 5.Nxd4 Bg7 6.Be3 Nf6 7.Nxc6 bxc6 8.e5
Ng8 9.f4 Nh6 10.Bc4 O-O 11.Bc5 d6 12.exd6 exd6 13.Bd4 Re8+ 14.Ne2 Bxd4 15.
Qxd4 Nf5 16.Qc3 Ne3 17.Kf2 Qb6 18.Nd4 Nf5 19.Rhd1 Re4 20.Bxf7+ Kxf7 21.
Qxc6 Rxd4 0-1

[Event "20th EUR-ch"]
[Site "Skopje MKD"]
[Date "2019.03.19"]
[Round "2"]
[White "Chittka, Julius"]
[Black "Filip, Andrei"]
[Result "0-1"]
[WhiteElo "2288"]
[BlackElo "1894"]
[EventDate "2019.03.18"]
[Board "172"]
[PlyCount "80"]

1.d4 Nf6 2.c4 e6 3.Nc3 Bb4 4.e3 c5 5.Ne2 cxd4 6.exd4 d5 7.a3 Be7 8.Nf4 O-O
9.cxd5 exd5 10.Bd3 Na6 11.O-O Nc7 12.Bc2 Ne6 13.Re1 Re8 14.Ba4 Rf8 15.Bb3 
Nxf4 16.Bxf4 Be6 17.Be5 a6 18.Qf3 Bg4 19.Qg3 Be6 20.Ne2 Ng4 21.Qf3 Nxe5 
22.dxe5 Bc5 23.Nf4 Qb6 24.Bxd5 Bxd5 25.Nxd5 Qxb2 26.a4 Rad8 27.Rad1 Qa2 
28.Nc3 Rxd1 29.Rxd1 Qc2 30.Ne4 Ba7 31.h4 Qxa4 32.Qg4 Qb5 33.Rd5 Qc6 34.Kh2
Qe6 35.Qg3 Bxf2 36.Qf3 Bxh4 37.g3 Be7 38.Qd3 f5 39.Nd6 f4 40.gxf4 Rxf4 0-1

[Event "20th EUR-ch"]
[Site "Skopje MKD"]
[Date "2019.03.19"]
[Round "2"]
[White "Hart, Alexander"]
[Black "Antova, Gabriela"]
[Result "0-1"]
[WhiteElo "1885"]
[BlackElo "2286"]
[EventDate "2019.03.18"]
[Board "173"]
[PlyCount "62"]

1.d4 Nf6 2.Nf3 d5 3.c4 e6 4.g3 Be7 5.Bg2 O-O 6.O-O dxc4 7.Qc2 b5 8.a4 b4 
9.Ne5 Qxd4 10.Nxc4 c6 11.Be3 Qg4 12.Ne5 Qh5 13.Bf4 Ng4 14.Nxg4 Qxg4 15.Bf3
Qf5 16.Be4 Qh5 17.Bxb8 Rxb8 18.Bxc6 Ba6 19.Bf3 Qe5 20.Nd2 Rbc8 21.Qb3 Rfd8
22.Rad1 Bxe2 23.Bxe2 Qxe2 24.Rfe1 Qd3 25.Qxd3 Rxd3 26.Ne4 Rcd8 27.Rc1 g6 
28.Rc7 R8d7 29.Rc8+ Kg7 30.a5 R3d5 31.Ra1 f5 0-1

[Event "20th EUR-ch"]
[Site "Skopje MKD"]
[Date "2019.03.19"]
[Round "2"]
[White "Batkoski, Nenad"]
[Black "Sokolovsky, Yahli"]
[Result "0-1"]
[WhiteElo "1846"]
[BlackElo "2278"]
[EventDate "2019.03.18"]
[Board "174"]
[PlyCount "78"]

1.e4 c5 2.Nf3 d6 3.c3 Nf6 4.Be2 g6 5.h3 Bg7 6.d3 O-O 7.Bg5 Nc6 8.Qd2 e5 9.
Na3 Be6 10.Bh6 d5 11.exd5 Nxd5 12.Nc4 Nf4 13.Bxf4 exf4 14.Qxf4 Bxc4 15.
Qxc4 Re8 16.Kf1 Qb6 17.Qb3 Qc7 18.Re1 Re6 19.Bd1 Rxe1+ 20.Kxe1 Ne5 21.Nxe5
Re8 22.f4 Bxe5 23.fxe5 Qxe5+ 24.Kd2 Qg5+ 25.Kc2 Qxg2+ 26.Kc1 Qxh1 27.Qa4 
Re1 28.Qg4 b5 29.Kd2 Rg1 30.Qc8+ Kg7 31.Be2 Rb1 32.Ke3 Rxb2 33.Qg4 Qc1+ 
34.Kf2 Qxc3 35.Qf3 Qd4+ 36.Kg2 Qe5 37.Kf1 Qh2 38.a3 Rb1+ 39.Bd1 Qd2 0-1

[Event "20th EUR-ch"]
[Site "Skopje MKD"]
[Date "2019.03.19"]
[Round "2"]
[White "Unuk, Laura"]
[Black "Azadaliyev, Jahandar"]
[Result "1/2-1/2"]
[WhiteElo "2266"]
[BlackElo "1863"]
[EventDate "2019.03.18"]
[Board "175"]
[PlyCount "142"]

1.d4 f5 2.g3 Nf6 3.Bg2 d6 4.Nh3 g6 5.c3 Bg7 6.Qb3 c6 7.Nd2 Qb6 8.Nc4 Qxb3 
9.axb3 Nbd7 10.Nf4 a6 11.Ne6 Kf7 12.Nxg7 Kxg7 13.O-O d5 14.Nd2 e5 15.dxe5 
Nxe5 16.b4 Be6 17.Nb3 Rad8 18.Bf4 Nf7 19.Nc5 Bc8 20.f3 g5 21.Bd2 Rhe8 22.
Rae1 h6 23.h4 Kg6 24.Bc1 Re7 25.Kf2 Rde8 26.b3 Nd6 27.Nd3 Nf7 28.Rh1 Bd7 
29.c4 Nd6 30.hxg5 hxg5 31.Nc5 dxc4 32.bxc4 b6 33.Nxd7 Nxd7 34.Bf1 Nxc4 35.
e4 Nce5 36.exf5+ Kxf5 37.Rh6 Rf7 38.Kg2 Rf6 39.Bd3+ Ke6 40.Bxg5 Rxh6 41.
Bxh6 Kf7 42.Bxa6 b5 43.Bb7 Rb8 44.Bf4 Kf6 45.Bxc6 Nxc6 46.Bxb8 Ndxb8 47.
Re4 Na6 48.f4 Naxb4 49.g4 Nd5 50.Kg3 b4 51.Rc4 Nce7 52.Rc5 Kg6 53.Kf3 Kf6 
54.Rb5 Kg6 55.Rb7 Nc6 56.Ke4 Nf6+ 57.Kf3 Nd5 58.f5+ Kf6 59.Ke4 Nc3+ 60.Kf4
Nd5+ 61.Kg3 Nce7 62.Kh4 Nxf5+ 63.gxf5 Kxf5 64.Kg3 Ke4 65.Kf2 Kd3 66.Ke1 
Kc2 67.Rb5 b3 68.Rxd5 b2 69.Rc5+ Kd3 70.Rb5 Kc2 71.Rxb2+ Kxb2 1/2-1/2

[Event "20th EUR-ch"]
[Site "Skopje MKD"]
[Date "2019.03.19"]
[Round "2"]
[White "Petrovic, Lazar"]
[Black "Ozenir, Ekin Baris"]
[Result "0-1"]
[WhiteElo "1690"]
[BlackElo "2265"]
[EventDate "2019.03.18"]
[Board "176"]
[PlyCount "52"]

1.d4 Nf6 2.Nf3 b6 3.Bf4 Bb7 4.e3 d6 5.Nbd2 Nbd7 6.Bd3 Nh5 7.Qe2 g6 8.g4 
Nxf4 9.exf4 Bg7 10.O-O-O Nf6 11.Rhg1 Qd7 12.Rde1 Nd5 13.Qe4 O-O 14.Bf1 c5 
15.dxc5 bxc5 16.c4 Nb4 17.Qb1 Rab8 18.a3 Bxf3 19.Nxf3 Na2+ 20.Qxa2 Rxb2 
21.Qxb2 Bxb2+ 22.Kxb2 Qb7+ 23.Kc2 Qxf3 24.Rg2 Rb8 25.Re3 Qb7 26.Bd3 Qb1+ 
0-1